000 01108nam a22002415i 4500
001 162364
003 ES-MaACL
005 20250903022218.0
008 011108s1892 fr |||| | fre d
040 _aCCPB | B
_bspa
_cCCPB | B
100 1 _aPoincaré, Henri.
_992751
245 1 0 _aThèorie mathématique de la lumière
_b: nouvelles études sur la diffraction ... /
_cpar H. Poincaré ; rédigées par Lamotte et Hurmuzescu.
260 _aParis :
_bGeorges Carré, éditeur,
_c1892 (
_fImprimerie Deslis frères)
300 _aVI, 310 p. ;
_c24 cm.
490 1 _aCours de la Faculté des Sciences de Paris. Cours de physique mathématique
650 7 _aLuz
_2embne
_914716
650 7 _aFísica matemática
_2embne
_912887
700 1 _aLamotte, Marcel.
_9128633
700 1 _aHurmuzescu, Dragomir.
_9128094
830 0 _aCours de la Faculté des Sciences de Paris. Cours de physique mathématique
_9188390
852 _aES-MaACL
_jB-4579
_z-- Enc. hol., conservando la cub. original
_z-- Banderilla en pie de imp.: Paris : Gauthier-Villars, imprimeur-libraire
999 _c162364
_d162364